000 00640nam a22001817a 4500
003 BD-DhUL
005 20160829161907.0
008 160829s1989 b |||| |||| 000 0 b d
040 _aBD-DhUL
_cBD-DhUL
082 _a920.05492
_bABA
100 1 _aশামসুদ্দীন,আবু জাফর
245 1 0 _aআত্মস্মৃতি /
_cআবু জাফর শামসুদ্দীন
260 _aঢাকা :
_bআহমদ পারভেস শামসুদ্দীন,
_c১৯৮৯.
300 _aখণ্ড : ১-২
650 0 _aবাংলাদেশ
650 0 _aBangladesh
942 _2ddc
_cBK
999 _c102452
_d102452